Литература. Ч. 1 (Запись № 1597544)

Подробности
000 -МАРКЕР
контрольное поле 01074nam2a2200277 4500
001 - ИДЕНТИФИКАТОР ЗАПИСИ
контрольное поле RU\NLR\bibl\1773464
005 - ИДЕНТИФИКАТОР ВЕРСИИ
контрольное поле 20250616132346.0
010 ## - МЕЖДУНАРОДНЫЙ СТАНДАРТНЫЙ НОМЕР КНИГИ (ISBN)
Номер (ISBN) 978-5-358-09741-4
Уточнения ч. 1
Тираж 20000
021 ## - НОМЕР ГОСУДАРСТВЕННОЙ РЕГИСТРАЦИИ
Код страны Российская Федерация
Номер 2011-34355
Номер Листа государственной регистраци 2446
021 ## - НОМЕР ГОСУДАРСТВЕННОЙ РЕГИСТРАЦИИ
Код страны Российская Федерация
Номер 2011-73570
Номер Листа государственной регистраци 5230
021 ## - НОМЕР ГОСУДАРСТВЕННОЙ РЕГИСТРАЦИИ
Код страны Российская Федерация
Номер 2012-74308
Номер Листа государственной регистраци 5500
035 ## - ДРУГИЕ СИСТЕМНЫЕ НОМЕРА
Идентификатор записи (NLR Aleph) 001764241
100 ## - ДАННЫЕ ОБЩЕЙ ОБРАБОТКИ
Данные общей обработки 20110526d2011 |||y0rusy50 ca
101 0# - ЯЗЫК РЕСУРСА
Язык текста, звукозаписи и т.д. русский
102 ## - СТРАНА ПУБЛИКАЦИИ ИЛИ ПРОИЗВОДСТВА
Страна публикации Российская Федерация
105 ## - ПОЛЕ КОДИРОВАННЫХ ДАННЫХ: ТЕКСТОВЫЕ МАТЕРИАЛЫ, МОНОГРАФИЧЕСКИЕ
Кодированные данные о монографическом текстовом документе a |||||||||
200 0# - ЗАГЛАВИЕ И СВЕДЕНИЯ ОБ ОТВЕТСТВЕННОСТИ
Основное заглавие Ч. 1
210 ## - ПУБЛИКАЦИЯ, РАСПРОСТРАНЕНИЕ И ДР.
Дата издания, распространения и т.д. 2011
Место издания, распространения и т.д. Б. м.
215 ## - ФИЗИЧЕСКАЯ ХАРАКТЕРИСТИКА
Специфическое обозначение материала и объем 269, [1] с.
Другие сведения о физической характеристике ил.
461 #0 - УРОВЕНЬ НАБОРА
Встроенное поле 001RU\NLR\bibl\1784959
-- 2001#$aЛитература$vЧ. 1
Системный номер (АБИС) связанной записи 1665739
Место публикации Москва
Дата публикации 2011
Издание 12-е изд,, стер.
Первые сведения об ответственности [авт.-сост.: Курдюмова Тамара Федоровна и др.
Имя издателя, распространителя и т.д. Дрофа
Сведения, относящиеся к заглавию 8 класс : учебник-хрестоматия для общеобразовательных учреждений : в 2 ч.
Заглавие Литература
ISBN 978-5-358-09743-8
Номер тома Ч. 1
801 #0 - ИСТОЧНИК ЗАПИСИ
Страна Российская Федерация
Организация NLR
Дата составления 20110526
Правила каталогизации RCR
801 #1 - ИСТОЧНИК ЗАПИСИ
Страна Российская Федерация
Организация NLR
Дата составления 20110526
942 ## - ДОПОЛНИТЕЛЬНЫЕ ЭЛЕМЕНТЫ ЗАПИСИ (АБИС)
Тип экземпляра АБИС Книга
980 ## - КОЛЛЕКЦИЯ
Название коллекции Национальная библиография
Экземпляры
Тип экземпляра Дата поступления Источник поступления Библиотека постоянного хранения Библиотека текущего хранения Место хранения Шифр хранения Штрих-код Статус экземпляра
Книга 26.05.2011 Обязательный экземпляр РНБ (Московский) РНБ (Московский) Русский книжный фонд: издания с 1957 года 2011-5/4090 3424690  
Книга 26.05.2011 Обязательный экземпляр РНБ (Московский) РНБ (Московский) Обменный фонд   3424691  
Книга 20.10.2011 Обязательный экземпляр РНБ (Московский) РНБ (Московский) Обменный фонд   3514160  
Книга 20.10.2011 Обязательный экземпляр РНБ (Московский) РНБ (Московский) Обменный фонд   3514161  
Книга 24.10.2012 Обязательный экземпляр РНБ (Московский) РНБ (Московский) Обменный фонд   3754161  
Книга 24.10.2012 Обязательный экземпляр РНБ (Московский) РНБ (Московский) Обменный фонд   3754162